| 000 | 01402nam a22004333 4500 | ||
|---|---|---|---|
| 001 | 22814 | ||
| 003 | SK-KTurca | ||
| 005 | 20260428145548.0 | ||
| 008 | 231018s2023 xo a g 000 f slo d | ||
| 020 |
_a9788055191232 _q(viazané) |
||
| 035 | _aa000733744 | ||
| 040 |
_aUKB _bslo _dUKB _erda |
||
| 041 | 1 |
_aslo _heng |
|
| 044 |
_axo _cSK |
||
| 072 | 7 |
_a821.111(73)-3 _xAmerická próza _2konspekt |
|
| 072 | 7 |
_a821-93 _xLiteratúra pre deti a mládež (beletria) _2konspekt |
|
| 080 |
_a821.111(73)-31 _22011 |
||
| 080 |
_a(0:82-312.9) _22011 |
||
| 080 |
_a821-93 _22011 |
||
| 080 |
_a(084.1) _22011 |
||
| 100 | 1 |
_aKing, Stephen, _d1947- _4aut |
|
| 240 | 1 | 0 |
_aFairy tale. _lSlovensky |
| 245 | 1 | 0 |
_aRozprávka _cStephen King ; preložila Marína Gálisová |
| 264 | 1 |
_aBratislava _bIkar _c2023 |
|
| 300 |
_a652 strán _bilustrácie |
||
| 336 |
_atext _btxt _2rdacontent |
||
| 337 |
_abez média _bn _2rdamedia |
||
| 338 |
_azväzok _bnc _2rdacarrier |
||
| 500 | _aPreložené z angličtiny | ||
| 530 | _aDostupný aj zvukový záznam | ||
| 655 | 7 |
_aamerické romány _2UKBPH |
|
| 655 | 7 |
_afantazijné romány _2UKBPH |
|
| 655 | 7 |
_ailustrované publikácie _2UKBPH |
|
| 655 | 7 |
_apublikácie pre mládež _2UKBPH |
|
| 700 | 1 |
_aGálisová, Marína, _d1972- _4trl |
|
| 776 | 0 |
_tRozprávka _i[zvukový záznam] |
|
| 942 |
_2ddc _cKLDO _n0 |
||
| 980 | _aIkar, a.s., Na Pántoch 18, 831 04 Bratislava | ||
| 999 |
_c22814 _d22814 |
||